Welcome to CU Library Online Public Access Catalogue (OPAC)

Promises to keep / (Record no. 6185)

MARC details
000 -LEADER
fixed length control field 00649cam a2200193 a 4500
001 - CONTROL NUMBER
control field 12213771
005 - DATE AND TIME OF LATEST TRANSACTION
control field 20250603101739.0
008 - FIXED-LENGTH DATA ELEMENTS--GENERAL INFORMATION
fixed length control field 000920s1990 mf a b 000 0deng
020 ## - INTERNATIONAL STANDARD BOOK NUMBER
International Standard Book Number 8122402429
050 00 - LIBRARY OF CONGRESS CALL NUMBER
Classification number DT469.M445
Item number E2726 1990
082 00 - DEWEY DECIMAL CLASSIFICATION NUMBER
Classification number 969.8/2004914
Edition information 21
100 1# - MAIN ENTRY--PERSONAL NAME
Personal name Bissoondoyal, U.
245 10 - TITLE STATEMENT
Title Promises to keep /
Statement of responsibility, etc. U. Bissoondoyal.
260 ## - PUBLICATION, DISTRIBUTION, ETC.
Place of publication, distribution, etc. [Stanley, Rose Hill, Mauritius] :
Name of publisher, distributor, etc. Editions de l'océan Indien ;
Place of publication, distribution, etc. New Delhi :
Name of publisher, distributor, etc. Wiley Eastern,
Date of publication, distribution, etc. c1990.
300 ## - PHYSICAL DESCRIPTION
Extent 258 p., [12] p. of plates :
Other physical details ill. ;
Dimensions 24 cm.
650 #0 - SUBJECT ADDED ENTRY--TOPICAL TERM
Topical term or geographic name entry element East Indians
Geographic subdivision Mauritius
General subdivision History.
650 #0 - SUBJECT ADDED ENTRY--TOPICAL TERM
Topical term or geographic name entry element East Indians
Geographic subdivision Mauritius
Form subdivision Biography.
942 ## - ADDED ENTRY ELEMENTS (KOHA)
Source of classification or shelving scheme Library of Congress Classification
Koha item type Books
Suppress in OPAC No
999 ## -
-- 6185
-- 6185

No items available.

© 2023-2024 Copyright: Central University Libraries. All Rights Reserved | Created by: Mahone Tech Office